000 00434nam a2200157 a 4500
001 000035918
005 20200930074722.0
008 111116s2011 nyu 000 0 fre d
020 _a9789993532538
040 _aDO-SdBNP
_bspa
_cBNPHU
082 _axxx
_bA555q
100 1 _aAndré, Nicolas
_961932
245 1 0 _aQui trop embrase mal éteint /
_cNicolas André.
260 _aNew York :
_bEksetera,
_c2011.
300 _a122 p. ;
_c18 cm.
999 _c35409
_d35409